|
|
|
|
| LEADER |
00642nab a2200145 i 4500 |
| 001 |
delm37898 |
| 005 |
20180927112922.0 |
| 008 |
180927s1927 hu o 0|| hun d |
| 040 |
|
|
|a SZTE Délmagyarország Archívum
|b hun
|
| 041 |
|
|
|a hun
|
| 245 |
0 |
0 |
|a Halálos áldozata van a szerdai súlyos munkásszerencsétlenségnek
|h [elektronikus dokumentum] :
|b Lucza János csütörtök hajnalban meghalt. - Folyik a nyomozás. - Ki követett el gondatlanságot
|
| 260 |
|
|
|c 1927-04-01
|
| 300 |
|
|
|a 3
|
| 490 |
0 |
|
|a Délmagyarország
|v 3 No. 76
|
| 695 |
|
|
|a Lucza János, Kalmár Margit, Balázs Sándor, Lipkay Zoltán, Kiss Ferenc, Almási Imre, Munkabaleset Szeged 1927
|